00624nam a2200193Ia 4500008004100000020001800041050002400059100001600083245006500099250001000164260002300174300001700197500002400214650002400238700003100262942000700293952011300300999001700413120626s9999 xx 000 0 und d a84-339-2070-704aPQ7297. R93 P4 20011 aRULFO, Juan10aPedro Páramocautor, Juan Rulfo; prólogo, Luis Izquierdo a7a ed aEspañabAnagrama a122 paginas. aContiene: prólogo17aLITERATURA MEXICANA1 aIZQUIERDO, Luis pról.Ì cLB 00104070a07b07d2012-02-08l6oPQ7297. R93 P4 2001p07 003186r2020-01-31s2020-01-31t1w2012-06-26yLB c67935d67935